Duka yang terpendam
| Main Author: | |
|---|---|
| Format: | Book |
| Published: |
Kuala Lumpur :
Berita Publishing ,
1992
|
| Series: | Novela Romantis
|
| Subjects: |
MARC
| LEADER | 00000cam a2200000 7i4500 | ||
|---|---|---|---|
| 001 | 0000008509 | ||
| 002 | 000009274 | ||
| 005 | 20000330.0 | ||
| 020 | |a 9679693953 | ||
| 090 | 0 | 0 | |a F |b NIN |
| 100 | 0 | |a Nina Kirana | |
| 245 | 1 | 0 | |a Duka yang terpendam |c Nina Kirana |
| 260 | |a Kuala Lumpur : |b Berita Publishing , |c 1992 | ||
| 300 | |a 114 p. ; |c 17 cm. | ||
| 490 | 0 | |a Novela Romantis | |
| 650 | 0 | 0 | |a Love stories, Malay |
| 999 | |a 039574 |b BUKU |c PINJAMAN |e PERPUSTAKAAN KOMUNITI PETALING JAYA | ||